000 01369nam a2200241Ia 4500
003 Ost
005 20260507075337.0
008 260507s9999||||xx |||||||||||||| ||und||
020 _a55372499579
040 _cfsecg
041 _aara
082 _a330
100 _aالوادي، محمود حسين
_eمؤلف
245 0 _aدراسات الجدوى الاقتصادية و المالية /
_c محمود حسين الوادي
260 _aعمان:
_bدار صفاء للنشر والتوزيع,
_c2010
300 _a303 صفحة؛
_bإيضاحات ؛
_c25 سم
520 _aتعريف الاستثمار و أنواعه و أهدافه و مبادئ اتخاذ القرار الاستثماري و محددات الاستثمار و أنواع المشروعات الاستثمارية و أهم المؤسسات الدولية في مجال تمويل المشروعات ، مفهوم دراسة الجدوى الاقتصادية و المالية و أساليب المفاضلة بين البدائل الاستثمارية و معايير تقييم المشروعات ، دراسة جدوىالمشروعات من وجهة نظر اسلامية
653 _aالاستثمار
653 _aالإقتصاد المالي
653 _aدراسة الجدوى
700 _aسمحان، حسين محمد
_eمؤلف ثانوي
942 _cكتاب
999 _c44055
_d44055